Statistics for 200 Milyondan Fazla Nüfusu Olan Ülkeler

Click here to take the quiz!

General Stats

  • This quiz has been taken 4 315 times
  • The average score is 5 of 7

Answer Stats

TarihNüfusÜlke% Correct
17201,452 mÇin
99%
1966333 mAmerika Birleşik Devletleri
96%
18201,392 mHindistan
96%
2012214 mBrezilya
53%
1997276 mEndonezya
53%
2018225 mPakistan
52%
2019211 mNijerya
29%

Score Distribution

Percentile by Number Answered

Percent of People with Each Score

Your Score History

You have not taken this quiz